Frutas y hortalizas mínimamente procesadas y refigeradas

Bibliographic Details
Main Author: Wiley, Robet C
Format: Section = Libro
Language:Undetermined
Spanish
Published: España Acribia 1997
Subjects:
LEADER 00610nam a2200217Ia 4500
008 240830s9999 xx 000 0 und d
020 |a 84-200-0831-1 
040 |a CEDOC FIQ-RUSB / 664.8 W676. 
041 |a spa 
082 |a 664.8 W676. 
100 1 |a Wiley, Robet C 
245 1 0 |a Frutas y hortalizas mínimamente procesadas y refigeradas 
260 |a España  |b Acribia  |c 1997 
300 |a 322 p. :il 
650 7 |a TECNOLOGIA DE LOS ALIMENTOS 
650 7 |b  ALIMENTOS ENLATADOS 
650 7 |c  PROCESAMIENTO DE FRUTAS 
650 7 |d  PROCESAMIENTO DE HORTALIZAS 
942 |c BK  |2 ddc 
991 |a TEXTO 
999 |c 14143